000 00413nam a2200157Ia 4500
008 230917s9999||||xx |||||||||||||| ||und||
020 _cRS600
040 _e5070
_aMAIN
041 _aEnglish
082 _a574.19254 A81C
100 _aAgrawal, V P
245 0 _aComplex carbohydrates and advances in biosciences
260 _aMuzaffarnagar
_bSociety of Biosciences
_c1995
300 _aix, 606 p.
942 _cBK
999 _c80190
_d80190